Normal view MARC view
  • DHIVAR, MRS MAUSMI HIREN

Entry Personal Name

Number of records used in: 1

001 - CONTROL NUMBER

  • control field: 8742

003 - CONTROL NUMBER IDENTIFIER

  • control field: JRU

005 - DATE AND TIME OF LATEST TRANSACTION

  • control field: 20251119180922.0

008 - FIXED-LENGTH DATA ELEMENTS

  • fixed length control field: 251119|| aca||aabn | a|a d

040 ## - CATALOGING SOURCE

  • Original cataloging agency: JRU
  • Transcribing agency: JRU

100 ## - HEADING--PERSONAL NAME

  • Personal name: DHIVAR, MRS MAUSMI HIREN

670 ## - SOURCE DATA FOUND

  • Source citation: Work cat.: (JRU)8914: DHIVAR, MRS MAUSMI HIREN, A TEXTBOOK OF PHARMACEUTICAL ANALYSIS FOR 1ST YEAR. B. PHARMA[SEM-1], 2023